000 00693nam a22001937a 4500
005 20240530110954.0
008 221204s2007 au a f b 000 0 eng d
017 _a2006/5/1484
040 _aEG-CaGPL
_cEG-CaGPL
082 0 4 _221
_a621.46
_bر ق
100 0 _aراتب العيسى
245 1 0 _aقيادة المحركات الكهربائية /
_cتاليف راتب العيسى ، زيد الحجازين
250 _aط.1
260 _aعمان :
_bمكتبة المجتمع العربى للنشر والتوزيع،
_c2007
300 _a584 ص. ؛
_c24 سم.
650 0 7 _aالمحركات الكهربائية
942 _2ddc
_cBK
999 _c67064
_d67064